000 01101nam a2200349 i 4500
001 33500
003 KOSZ 005
005 20190809112315.0
008 980713s1997 pl |000 0 pol
015 _aPB 1997/14060
020 _a8301123842
035 _a(OCoLC)749488720
040 _aWA N
_cWA N
_dKOSZ 005/HR
046 _k1997
080 _a658.14/.17
080 _a629.128
100 1 _aKomorowski, Jan
_c(ekonomia)
_eAutor
245 1 0 _aBudżetowanie jako metoda zarządzania przedsiębiorstwem /
_cJan Komorowski.
260 _aWarszawa :
_bWydaw. Naukowe PWN,
_c1997.
300 _a202, [1] s. ;
_c24 cm.
380 _aKsiążki.
388 _a1901-2000
388 _a1989-2000
504 _aBibliogr. s. 201-202.
650 4 _aPrzemysł okrętowy
658 _aGospodarka, ekonomia, finanse
650 4 _aZarządzanie
650 4 _aFinanse przedsiębiorstwa
710 2 _aWydawnictwo Naukowe PWN
_4pbl.
856 _uhttp://koha.tu.koszalin.pl/cgi-bin/koha/opac-detail.pl?biblionumber=33500
_yKatalog online BPK
942 _2UKD
_cKS
999 _c33500
_d33500